Enfermedad y sociedad en los primeros tiempos modernos
Na minha lista:
| Autor principal: | |
|---|---|
| Formato: | Livro |
| Idioma: | espanhol |
| Publicado em: |
Sevilla
Universidad de Sevilla
2005
|
| coleção: | Historia y Geografía, 102
|
| Assuntos: | |
| Tags: |
Adicionar Tag
Sem tags, seja o primeiro a adicionar uma tag!
|
MARC
| LEADER | 00000nam a2200000 a 4500 | ||
|---|---|---|---|
| 001 | UCI3175 | ||
| 003 | CL-VaPUC | ||
| 008 | 071012e20050000SP |||||||||||||||||spa|d | ||
| 020 | |a 8447208680 | ||
| 082 | 0 | 4 | |a 610.9 |b CAR |2 21 |
| 100 | 0 | |a Carmona, Juan Ignacio |e author |9 524603 | |
| 245 | 1 | 0 | |a Enfermedad y sociedad en los primeros tiempos modernos |
| 300 | |a 295 p | ||
| 942 | |c BK | ||
| 945 | |d 20071012 00:00:00 |a jtorresc | ||
| 260 | |a Sevilla |b Universidad de Sevilla |c 2005 | ||
| 650 | 7 | |a MEDICINA HISTORIA |2 CL-VaPUC |9 316542 | |
| 650 | 7 | |a ENFERMEDADES SOCIALES |2 CL-VaPUC |9 516527 | |
| 650 | 0 | |a Edad moderna |9 350383 | |
| 650 | 7 | |a SIGLOS 19-20 |2 CL-VaPUC |9 267705 | |
| 583 | |a last modification |c 20071012 00:00:00 |k Rodrigo Vera | ||
| 490 | 0 | |a Historia y Geografía, 102 | |
| 999 | |c 327547 |d 327545 | ||
| 952 | |0 0 |1 0 |4 0 |6 610_900000000000000_CAR_2005 |7 0 |8 A |9 410516 |a BIBHIS |b BIBHIS |d 2019-11-22 |i 4377303 |l 3 |o 610.9 CAR 2005 |p 4377303 |r 2025-01-20 |s 2024-04-10 |w 2019-11-22 |y BK |k HIS | ||
| 952 | |0 0 |1 0 |4 0 |6 610_900000000000000_CAR_2005 |7 0 |8 A |9 410517 |a BIBHIS |b BIBHIS |d 2019-11-22 |i 4467779 |l 1 |m 13 |o 610.9 CAR 2005 |p 4467779 |r 2024-04-02 |s 2021-06-08 |w 2019-11-22 |y BK |k HIS | ||